Guess the Country #1 - Statistics

General Stats
  • This quiz has been taken 2,447 times
  • The average score is 15 of 20
Answer Stats
Hint Country % Correct
Poutine, Cold, USA neighbor Canada
97%
da Vinci, Berlusconi, Pizza Italy
96%
Mcdonald's, Baseball, Kansas United States
96%
Kangaroo, Dingo, Wallaby Australia
94%
Sushi, Hello Kitty, Arigato Japan
94%
BMW, Dortmund, Bier Germany
90%
Ibiza, Tapas, Pau Gasol Spain
84%
Salzburg, Mozart, Innsbruck Austria
83%
Pope, Tiny, Sistine Chapel Vatican City
83%
Sheep, Lord of the Rings, Wellington New Zealand
78%
Pho, Flag with a star, Nguyen Vietnam
75%
Bossa Nova, Samba, Capoeira Brazil
74%
Kardashian, Yerevan, Formerly part of USSR Armenia
65%
Jonestown, Georgetown, Neighbor to Brazil Guyana
61%
Solidarity, Pierogi, Zakopane Poland
59%
Vilnius, Žydrūnas Ilgauskas, Kaunas Lithuania
58%
Hugo Chávez, Baseball, Margarita Island Venezuela
58%
Nur-Sultan, Almaty, Karagandy Kazakhstan
52%
Sultan, Bandar Seri Begawan, Oil Brunei
46%
Lake Atitlan, Cobán, 1960 to 1996 civil war Guatemala
20%
No matching quizzes found
Score Distribution
Percent of People with Each Score
Percentile by Number Answered
Your Score History
You have not taken this quiz